Sunan-i Nisāʼi mutarjam. (Record no. 67731)

MARC details
000 -LEADER
fixed length control field 00658cam a22002531 4500
001 - CONTROL NUMBER
control field sa 66001335
003 - CONTROL NUMBER IDENTIFIER
control field DLC
005 - DATE AND TIME OF LATEST TRANSACTION
control field 20260227112221.0
008 - FIXED-LENGTH DATA ELEMENTS--GENERAL INFORMATION
fixed length control field 890602s1962 pk 000 0 arar
010 ## - LIBRARY OF CONGRESS CONTROL NUMBER
LC control number sa 66001335
035 ## - SYSTEM CONTROL NUMBER
System control number (OCoLC)19806691
040 ## - CATALOGING SOURCE
Original cataloging agency DLC
Transcribing agency WaU
Modifying agency DLC
041 0# - LANGUAGE CODE
Language code of text/sound track or separate title araurd
042 ## - AUTHENTICATION CODE
Authentication code premarc
050 00 - LIBRARY OF CONGRESS CALL NUMBER
Classification number BP135.A164
Item number U78
100 1# - MAIN ENTRY--PERSONAL NAME
Personal name Nasāʼī, Aḥmad ibn Shuʻayb,
Dates associated with a name 830 or 831-915.
245 10 - TITLE STATEMENT
Title Sunan-i Nisāʼi mutarjam.
260 ## - PUBLICATION, DISTRIBUTION, ETC.
Date of publication, distribution, etc. [1962]
300 ## - PHYSICAL DESCRIPTION
Extent 3 v.
Dimensions 25 cm.
500 ## - GENERAL NOTE
General note In Arabic; commentary in Urdu.
500 ## - GENERAL NOTE
General note Text partially vocalized.
650 #0 - SUBJECT ADDED ENTRY--TOPICAL TERM
Topical term or geographic name entry element Hadith.
700 0# - ADDED ENTRY--PERSONAL NAME
Personal name Vaḥīduzzamān̲.

No items available.

Powered by Koha